| 000 | 00887nam a2200241Ia 4500 | ||
|---|---|---|---|
| 003 | GCL | ||
| 008 | 140319s9999 xx 000 0 ara d | ||
| 020 | _a9044829953 | ||
| 040 |
_aGCL / _cGCL |
||
| 082 | 0 | 4 |
_a342.56 _bم د |
| 100 | 1 | _aمركز دراسات الوحدة العربية | |
| 245 | 1 | 0 |
_aالدستور فى الوطن العربى عوامل الثبات واسس التغيير / _cمركز دراسات الوحدة العربية |
| 250 | _aالاولى | ||
| 260 |
_aبيروت : _bمركز دراسات الوحدة العربية ، _c2006 |
||
| 300 |
_a172ص ؛ _c24سم |
||
| 490 |
_aسلسلة كتب المستقبل العربى _v47 |
||
| 650 | 0 | 4 | _aالدستور |
| 650 | 0 | 4 | _aالحقوق الدستورية |
| 650 | 0 | 4 | _aالدساتير |
| 650 | 0 | 4 | _aالاصلاح الدستورى |
| 650 | 0 | 4 | _aالدستور العربى |
| 942 |
_2ddc _cBK |
||
| 999 |
_c39235 _d39235 |
||